Catálogo
 En Linea

Ideario de Duarte / (Registro nro. 27484)

Detalles MARC
000 -CABECERA
campo de control de longitud fija 00851nam a2200217 a 4500
001 - NÚMERO DE CONTROL
campo de control 000027992
005 - FECHA Y HORA DE LA ÚLTIMA TRANSACCIÓN
campo de control 20240314073719.0
008 - DATOS DE LONGITUD FIJA--INFORMACIÓN GENERAL
campo de control de longitud fija 110406s1996 dr 000 0dspa d
040 ## - FUENTE DE LA CATALOGACIÓN
Centro catalogador/agencia de origen DO-SdBNP
Lengua de catalogación spa
Centro/agencia transcriptor BNPHU
082 ## - NÚMERO DE LA CLASIFICACIÓN DECIMAL DEWEY
Número de clasificación F-RD 12
049 ## - FONDOS LOCALES (OCLC)
Fondos de biblioteca BNPD
245 00 - MENCIÓN DE TÍTULO
Título Ideario de Duarte /
Mención de responsabilidad, etc. compilado y anotado por Vetilio Alfau Durán ; presentación José Joaquín Pérez Saviñon.
250 ## - MENCIÓN DE EDICIÓN
Mención de edición 5a ed.
260 ## - PUBLICACIÓN, DISTRIBUCIÓN, ETC.
Lugar de publicación, distribución, etc. Santo Domingo :
Nombre del editor, distribuidor, etc. Instituto Duartiano,
-- Museo y Casa de Duarte,
Fecha de publicación, distribución, etc. 1996.
300 ## - DESCRIPCIÓN FÍSICA
Extensión 30 p. :
Otras características físicas il., retrs. ;
Dimensiones 16 cm.
500 ## - NOTA GENERAL
Nota general Incluye referencias bibliográficas y notas al pie de páginas.
600 10 - PUNTO DE ACCESO ADICIONAL DE MATERIA--NOMBRE DE PERSONA
Nombre de persona Duarte, Juan Pablo,
Fechas asociadas al nombre 1813-1876
9 (RLIN) 1494
651 #4 - PUNTO DE ACCESO ADICIONAL DE MATERIA--NOMBRE GEOGRÁFICO
Nombre geográfico República Dominicana
Subdivisión general Historia
Subdivisión cronológica 1844-1930
Subdivisión general Fuentes
9 (RLIN) 38423
700 1# - PUNTO DE ACCESO ADICIONAL--NOMBRE DE PERSONA
Nombre de persona Alfau Durán, Vetilio,
Fechas asociadas al nombre 1909-1985
Término indicativo de función/relación comp.
9 (RLIN) 10091
910 ## - DATOS DE OPCIÓN DEL USUARIO (OCLC)
Datos de opción del usuario Validado. Control de calidad EMS
Existencias
Estado de retiro Estado de pérdida No para préstamo Código de colección Localización permanente Ubicación/localización actual Ubicación en estantería Fecha de adquisición Número de inventario Total de préstamos Signatura topográfica completa Código de barras Fecha visto por última vez Precio válido a partir de Tipo de ítem Koha
    Excluido de préstamo Patrimonio Dominicano Patrimonio Dominicano Patrimonio Dominicano Depósito 06.04.2011 LF1   F-RD 12 27992-10 25.06.2020 25.06.2020 Libro y Folleto Colección Patrimonio Dominicano

Con tecnología Koha